000 00833nam a2200229Ii 4500
003 JO-AjNU
008 230605s9999||||xx |||||||||||||| ||und||
017 _a2013/2/469
020 _a978-9957-414-9-2
040 _aJO-AjNU
_bara
_erda
_cJO-AjNU
041 _aara
050 1 4 _aJC421.B32.2013
100 3 _a بدران، ابراهيم ،م. مشارك ساري ، سالم ,
_eauthor
_947472
245 0 0 _aالدولة والديمقراطية والمجتمع
250 _a(د،ط)
264 3 1 _aعمان : دار البركة ، 2013
300 _a129ص
336 _atext
_btxt
_2rdacontent
337 _aunmediated
_bn
_2rdamedia
338 _avolume
_bnc
_2rdacarrier
650 4 _aالديمقراطية -- البلاد العربية -- علم الاجتماع السياسي -- المجتمع المدني
_947473
999 _aA20726
_c24294
_d24294